004460000a2200157000450024500890000065000240008965000230011365000250013665000160016165000090017765100110018604100130019770000230021010000210023377300340025410aRelationship between seed size and establishment conditions in tropical woody plants14aEcología forestal14aBosques tropicales14aBosques sucesionales14aMamíferos14aAves 4pPerú0 aInglés1 aJanson, Charles H.1 aFoster, Susan A.1 tEcologyh3q773-780d1985g66